000 00409nam a2200169Ia 4500
008 240729s9999 xx 000 0 und d
022 _a1581-1832
245 0 _aOrganizacija
260 _aSlovenia
260 _bSciendo
650 _a Business
650 _a Commerce
650 _aSocial Sciences
856 _uhttps://doaj.org/toc/7b9ed29259f94559b61f02f5451ff1a8
942 _2ddc
942 _cDOAJEJ
999 _c68623
_d68623
945 _a1
_bMadushi Gamage
_c1
_dMadushi Gamage